| 000 | 00855nam a22002657a 4500 | ||
|---|---|---|---|
| 001 | BR9211022 | ||
| 003 | BR-BrBNA | ||
| 005 | 20230928093742.0 | ||
| 007 | ta | ||
| 008 | 230509b bl.||||| |||| 00| 0 por d | ||
| 040 |
_aBR-BrBNA _bpor _cBiblioteca Nacional de Agricultura |
||
| 041 | _a(Por) | ||
| 072 | _aN10; E70 | ||
| 090 | _ N10 BR9211022 | ||
| 110 | 1 |
_aInstituto Brasileiro de Administracao Municipal, Rio de Janeiro, RJ (Brasil) _95707 |
|
| 110 | 1 |
_aPresidencia da Republica, Brasilia, DF (Brasil). Secretaria de Planejamento _97900 |
|
| 245 | 1 |
_aO que e preciso saber sobre mercados e feiras livres _bColecao Alternativas Urbanisticas |
|
| 260 | 3 |
_aRio de Janeiro, RJ (Brasil): _c1982. |
|
| 300 | _a96 p. | ||
| 500 | _a24 ref. | ||
| 650 | _aMercado Varejista | ||
| 650 | _aFeira | ||
| 909 |
_a202309 _bLucia _c55 _dLucia Elande |
||
| 942 | _cBK | ||
| 999 |
_c46890 _d46890 |
||